000 00243nam a22000977a 4500
999 _c519845
_d519845
082 _aTNC A6x5444 B152
100 _aBhalla, G.S.
_931071
245 _aNehru and the Indian peasantry
260 _aNew Delhi
_bNehru Memorial Museum
300 _a45p.